Регионална библиотека "Любен Каравелов" - Русе

Руский портрет конца XIX - начала XX века (Запис номер 210398)

MARC детайли
000 -Лидер
Контролно поле с фиксирана дължина 01628nkm a2200397 c 4500
003 - Код на организацията, давaща контролен номер
Контролно поле BLK
005 - Дата и час на последна редакция
Контролно поле 20180421002032.0
008 - Елементи от данни с фиксирана дължина
fixed length control field 180412b bul rap|r|||| r0| ||bulo|
010 ## - Наследен системен номер
LC control number KNG00165087000
040 ## - Източник на каталожния запис
Идентификатор на билиотеката - собственик на записа BLK
041 ## - Код за език
Код за езика на текст/звукозапис или на отделно заглавие Руски
Код за езика КДБФ Руски
Други езици Английски
080 ## - УДК
Текстов определител УДК Живопис - Портрети
УДК код - определител по УДК 75.041.5
УДК определител (470)
УДК - код + определител 75.041.5(470)
100 1# - Редна дума - Автор
Автор Пружан, Ирина Николаевна
Авторска отговорност първи автор
R(LIN) 113285
139 ## - Редно поле
Редна дума Пружан, Ирина Николаевна и др.
Авторски знак Прот - П 92
245 10 - Сведения за заглавието
Заглавие Руский портрет конца XIX - начала XX века
Подзаглавни данни Живопись. Графика
Редно поле (дума) Ирина Николаевна Пружан; съавт. Валентина Павловна Князева.
246 11 - Различни форми на заглавието
Паралелно заглавие Russian Portrait of the Late 19th - 20th Centuries
257 ## - Страна на издаване
Страна на създаване/издаване СССР
260 ## - Област на издателските данни
-- Москва
Име на издателя, разпространителя и проч. Изобраз. искусство
Година на издаване 1980
300 ## - Физическа характеристика
Страници 296 с.
Илюстрации и др. с репрод.
Размери/Мащаб 35 см
380 ## - Жанр
Жанр Изкуство
500 ## - Общи забележки
Забележка 30 000 тир. - Библиогр. с. 283-284. - Списък на репрод.- Рез. на англ.
650 #4 - Допълнително описание по предмет – тема
Основно описание – тема или топоним Портрети
9 (RLIN) 167199
650 #4 - Допълнително описание по предмет – тема
Основно описание – тема или топоним Живопис
9 (RLIN) 155358
651 #4 - Допълнително описание по предмет - топоним
Географско понятие Русия
9 (RLIN) 179465
653 ## - Ключова дума – ненормативна
Ключова дума портрети
653 ## - Ключова дума – ненормативна
Ключова дума Русия
653 ## - Ключова дума – ненормативна
Ключова дума XIX в.
653 ## - Ключова дума – ненормативна
Ключова дума XX в.
653 ## - Ключова дума – ненормативна
Ключова дума живопис
700 1# - Други автори (авторска отговорност)
Лично име Князева, Валентина Павловна
Автороска отговорност (Описва отношението между автора и произведението) съавт.
9 (RLIN) 352411
852 ## - Местоположение
Форматна сигнатура Цб Гр А ІІ 2828
856 4# - Електронен адрес и достъп
Електронен формат pdf - файл
Път до файла /url/
856 4# - Електронен адрес и достъп
Електронен формат pdf - файл
Път до файла /url/
942 ## - АРТИКУЛИ
Вид на библиотечния материал Графични издания
Скрит в OPAC Не
944 ## - СЪЗДАВАНЕ И РЕДАКЦИЯ на ЗАПИСА
Създаване/Редакция Създаване
Дата на регистрацията/редакция 19.09.2014
Статус, дата на статуса 19.09.2014 - от С1,Р / 19.09.2014
Служител, извършил регистрацията/редакцията Камелия_Данева
944 ## - СЪЗДАВАНЕ И РЕДАКЦИЯ на ЗАПИСА
Създаване/Редакция Редакция
Дата на регистрацията/редакция 19.09.2014
Статус, дата на статуса 19.09.2014 - от С1,Р / 19.09.2014
Служител, извършил регистрацията/редакцията
999 ## - СИСТЕМНИ КОНТРОЛНИ НОМЕРА
Koha biblionumber 210398
Koha biblioitemnumber 210398
Наличности
Код за отписване Код за изгубен артикул Източник на класификационната схема Код за повреда Коз за рестрикции Код за отдаване Артикулен № Име на библиотеката - собственик Име на библиотеката, в която се намира в момента Статус (Текущо местоположение) Дата на вписване в системата Местоположение - отдел Цена в лева Инвентарен номер Систематично азбучна сигнатура Баркод Номер на екземпляра Цена в евро Служебна бележка Служебен тип на артикула
  Не е изгубен Universal Decimal Classification Не е повреден без рестрикции заемане за дома 361972 Регионална библиотека "Любен Каравелов" Русе Регионална библиотека "Любен Каравелов" Русе Отдел Изкуство - подръчен фонд 1980-01-01 Отдел Изкуство - подръчен фонд 10.88 346501 75.04/П 92 120000346501 1 5.56 Дост: Pk Вид: Ф N: стар фонд Дата: 01.01.1980 Дата инв: 04.06.2015 Бележки инв: ГрИ2015 Графични издания
Vip Innovations Ltd, Rousse, Bulgaria 2025